[Event "Elberfelder SG 1 - Südlohner SV 1"]
[Site "NRW-Klasse, Gruppe 1 2013/201"]
[Date "2013.11.17"]
[Round "3.4"]
[White "Noetzel, Frank"]
[Black "Hater, Wolfgang"]
[Result "0-1"]
[WhiteElo "2120"]
[BlackElo "2056"]
[PlyCount "112"]
[EventDate "2013.??.??"]
[WhiteTeam "Elberfelder SG 1"]
[BlackTeam "Südlohner SV 1"]

1. e4 e5 2. Nf3 Nc6 3. Bc4 Be7 4. d3 Nf6 5. O-O O-O 6. Bb3 d6 7. c3 Na5 8. Bc2
c5 9. a3 Qc7 10. b4 Nc6 11. b5 Nd8 12. Nbd2 a6 13. bxa6 Rxa6 14. Rb1 Bd7 15. d4
b5 16. Re1 Nb7 17. Nf1 Rc8 18. d5 c4 19. Ng3 g6 20. h3 Nc5 21. Nh2 h5 22. Qf3
Qd8 23. Ngf1 Nh7 24. Qd1 Bg5 25. Ne3 Qa5 26. Rb4 Qd8 27. Nhf1 Bf4 28. g3 Bh6
29. h4 Rca8 30. Kg2 Nf6 31. f3 Qc8 32. Kh2 Ne8 33. Nf5 Bf8 34. N5e3 Be7 35. Ng2
Bd8 36. Rb1 Nf6 37. Re3 Bb6 38. Re2 Qe8 39. Nge3 Bc8 40. Qd2 Nh7 41. Rg2 Bd8
42. Qf2 Bd7 43. Nd2 Ba5 44. Bb2 Bb6 45. Re1 Rxa3 46. Bxa3 Rxa3 47. Nb1 Ra2 48.
Re2 Nf6 49. Qe1 Qa8 50. Qc1 Qa7 51. Nf5 Bxf5 52. exf5 Rxc2 53. Rxc2 e4 54. Qg5
exf3 55. Qxf6 Ne4 56. Ra2 fxg2 0-1

[Event "Elberfelder SG 1 - Südlohner SV 1"]
[Site "NRW-Klasse, Gruppe 1 2013/201"]
[Date "2013.11.17"]
[Round "3.5"]
[White "Boecker, Manfred"]
[Black "Maj, Kornel"]
[Result "1/2-1/2"]
[WhiteElo "1870"]
[BlackElo "1888"]
[PlyCount "84"]
[EventDate "2013.??.??"]
[WhiteTeam "Südlohner SV 1"]
[BlackTeam "Elberfelder SG 1"]

1. d4 Nf6 2. e3 g6 3. b3 Bg7 4. Nf3 O-O 5. Bb2 Ne4 6. Be2 f5 7. O-O d5 8. c4 e6
9. Nc3 c6 10. Ne5 Nd7 11. Nxe4 dxe4 12. Nxd7 Qxd7 13. Qc2 b6 14. a4 Bb7 15. c5
g5 16. b4 b5 17. Rfc1 Rfc8 18. Bc3 g4 19. Ra3 a6 20. Rca1 Rf8 21. Bd1 Qf7 22.
Qe2 Qh5 23. g3 Qg6 24. Bb3 h5 25. Qa2 Rae8 26. Qe2 h4 27. R1a2 hxg3 28. fxg3
Bf6 29. Qe1 Kg7 30. Rg2 Rh8 31. Raa2 Rh3 32. Rae2 Qf7 33. Qd2 Kg6 34. Qa2 Bd8
35. Be1 Bc7 36. Qb1 Kf6 37. Qd1 Ke7 38. Qc1 Kd7 39. Ra2 Bb8 40. Rac2 Kc8 41.
Rce2 Qg6 42. Qc2 Qh6 1/2-1/2

[Event "Elberfelder SG 1 - Südlohner SV 1"]
[Site "NRW-Klasse, Gruppe 1 2013/201"]
[Date "2013.11.17"]
[Round "3.6"]
[White "Kesseler, Heiko"]
[Black "Schmeing, Walter"]
[Result "1-0"]
[WhiteElo "2024"]
[BlackElo "1984"]
[PlyCount "143"]
[EventDate "2013.??.??"]
[WhiteTeam "Elberfelder SG 1"]
[BlackTeam "Südlohner SV 1"]

1. e4 e5 2. Nf3 Nc6 3. Bb5 a6 4. Ba4 Nf6 5. d4 exd4 6. O-O Be7 7. Re1 O-O 8. e5
Ne8 9. c3 d6 10. cxd4 dxe5 11. Bxc6 bxc6 12. Nxe5 Bb7 13. Qa4 Bf6 14. Nc3 Nd6
15. Bf4 Nf5 16. Rad1 Ne7 17. Ng4 Nd5 18. Nxd5 cxd5 19. Nxf6+ Qxf6 20. Bxc7 Bc6
21. Qb4 Rfe8 22. Qd6 Qxd6 23. Bxd6 Bd7 24. f3 Rxe1+ 25. Rxe1 Re8 26. Kf2 f6 27.
Rxe8+ Bxe8 28. Ke3 Kf7 29. Kd3 g6 30. Kc3 Ke6 31. Bb8 Kd7 32. Kb4 Kc6 33. Ka5
Kb7 34. Bd6 Bb5 35. Be7 f5 36. g4 fxg4 37. fxg4 Be2 38. g5 Kc6 39. Kb4 Bc4 40.
b3 Be2 41. Kc3 Bg4 42. Kd2 Bf5 43. Bf8 Bb1 44. Kd1 Bd3 45. a4 Bf5 46. Kd2 Bb1
47. b4 Bf5 48. Ke3 Bc2 49. b5+ axb5 50. a5 b4 51. Bxb4 Bd1 52. Bc5 Kb7 53. Kf4
Be2 54. Ke5 Kc6 55. Kf6 Kd7 56. Kg7 Ke6 57. Kxh7 Kf5 58. h4 Bd3 59. Kh6 Be2 60.
Kg7 Bd3 61. Kf7 Kg4 62. Ke6 Kxh4 63. Be7 Bc4 64. Kd6 Kg4 65. Kc6 Kf5 66. Bf6
Ke6 67. Kb7 Kd7 68. a6 Bb5 69. a7 Bc6+ 70. Kb8 Ba8 71. Kxa8 Kc7 72. Be5+ 1-0

[Event "Elberfelder SG 1 - Südlohner SV 1"]
[Site "NRW-Klasse, Gruppe 1 2013/201"]
[Date "2013.11.17"]
[Round "3.7"]
[White "Teloeken, Andreas"]
[Black "Wicht, Juergen"]
[Result "1-0"]
[WhiteElo "1971"]
[BlackElo "2086"]
[PlyCount "45"]
[EventDate "2013.??.??"]
[WhiteTeam "Südlohner SV 1"]
[BlackTeam "Elberfelder SG 1"]

1. e4 d6 2. d4 Nf6 3. Nc3 g6 4. Be3 c6 5. h3 Nbd7 6. f4 e5 7. Nf3 Bh6 8. Qd2
Nh5 9. fxe5 Bxe3 10. Qxe3 dxe5 11. Bc4 exd4 12. Qxd4 O-O 13. O-O-O Qb6 14. Qd2
Qc5 15. Bb3 Ng3 16. Rhe1 Kg7 17. e5 Nb6 18. Qg5 Nf5 19. g4 Qf2 20. gxf5 Qxf3
21. f6+ Kh8 22. Qh6 Rg8 23. Rd8 1-0

[Event "Elberfelder SG 1 - Südlohner SV 1"]
[Site "NRW-Klasse, Gruppe 1 2013/201"]
[Date "2013.11.17"]
[Round "3.8"]
[White "Schmidt, Andrea"]
[Black "Teloeken, Stefan"]
[Result "1-0"]
[WhiteElo "1908"]
[BlackElo "1762"]
[Annotator "Doe,John"]
[PlyCount "141"]
[EventDate "2013.??.??"]
[WhiteTeam "Elberfelder SG 1"]
[BlackTeam "Südlohner SV 1"]

1. e4 c5 2. Nf3 d6 3. d4 cxd4 4. c3 e6 5. cxd4 g6 6. Nc3 Bg7 7. Bc4 Ne7 8. O-O
O-O 9. Be3 b6 10. Qe2 Bb7 11. Bg5 Nd7 12. Rac1 a6 13. a4 Qe8 14. Rfd1 h6 15.
Bf4 Nc8 16. b4 Kh7 17. e5 d5 18. Bd3 Ne7 19. b5 a5 20. Na2 Qb8 21. Rc3 Rc8 22.
Rdc1 Rxc3 23. Rxc3 Qd8 24. Bc1 Rc8 25. Rxc8 Qxc8 26. h4 Ng8 27. h5 Nf8 28. Nh4
Ne7 29. Qg4 Nf5 30. Ba3 Qe8 31. Nc1 Nxh4 32. Qxh4 Kg8 33. Ne2 g5 34. Qg3 Qd8
35. Bc2 f6 36. exf6 Bxf6 37. Qd3 Qc7 38. Bxf8 Kxf8 39. Qg6 Qg7 40. Qd3 Qc7 41.
Qf3 Kg7 42. Qd3 Kf8 43. Qa3+ Qe7 44. Qd3 Bc8 45. Qc3 Qb7 46. Ng3 Bd7 47. Qf3
Ke7 48. Qa3+ Kf7 49. Qd3 Bg7 50. Qf3+ $11 Kg8 51. Bg6 Bc8 52. Qc3 Qd7 53. Kf1
Bb7 54. Ne2 Qd6 55. g3 e5 56. dxe5 Qxe5 57. Qxe5 Bxe5 58. f4 gxf4 59. gxf4 Bf6
60. Ke1 Kf8 61. Kd2 Ke7 62. Ng3 Kd6 63. Nf5+ Kc5 64. Nxh6 Kb4 65. Bc2 d4 66.
Ng4 d3 67. Kxd3 Ba1 68. Ne5 Bc8 69. h6 Bf5+ 70. Kd2 Bc3+ 71. Kc1 1-0

[Event "SG Niederkassel 1 - SK Königsspringer I"]
[Site "NRW-Klasse, Gruppe 1 2013/201"]
[Date "2013.11.17"]
[Round "3.1"]
[White "Scheider, Julian"]
[Black "Stanetzek, Carsten"]
[Result "1/2-1/2"]
[WhiteElo "2262"]
[BlackElo "2232"]
[PlyCount "137"]
[EventDate "2013.??.??"]
[WhiteTeam "SK Königsspringer Iserlohn 1"]
[BlackTeam "SG Niederkassel 1"]

1. e4 e5 2. Nf3 Nc6 3. d4 exd4 4. Nxd4 Bb4+ 5. c3 Bc5 6. Nxc6 bxc6 7. Bd3 d6 8.
Nd2 Nf6 9. O-O h6 10. b4 Bb6 11. a4 a5 12. Nc4 O-O 13. Nxb6 cxb6 14. Bf4 Re8
15. Re1 d5 16. e5 Nh7 17. Bg3 axb4 18. cxb4 Ng5 19. Qc2 Bd7 20. Qc3 Ne6 21. f4
c5 22. f5 Nd4 23. Bf2 Bxf5 24. Bxd4 cxd4 25. Qxd4 Bxd3 26. Qxd3 Qd7 27. Qd4
Rxa4 28. Rxa4 Qxa4 29. Qxb6 Qb3 30. Qd4 Rb8 31. Rd1 Rxb4 32. Qxd5 Qe3+ 33. Kh1
Re4 34. Qd8+ Kh7 35. h3 Rxe5 36. Qd3+ Qxd3 37. Rxd3 h5 38. Kh2 h4 39. Rd4 g5
40. Rd6 Re1 41. Ra6 Kg7 42. Rb6 f6 43. Rb5 Kg6 44. Ra5 Rf1 45. Rb5 Re1 46. Ra5
Re5 47. Ra6 Kf5 48. Kg1 Re2 49. Ra5+ Kf4 50. Ra4+ Re4 51. Ra3 Re3 52. Ra4+ Re4
53. Ra3 f5 54. Rf3+ Ke5 55. Ra3 Re2 56. Ra5+ Kf4 57. Ra4+ Re4 58. Ra3 Re3 59.
Ra5 g4 60. hxg4 fxg4 61. Ra1 Kg3 62. Rb1 Rd3 63. Rf1 Rd2 64. Kh1 Re2 65. Ra1
Kf2 66. Kh2 Rb2 67. Rc1 Rd2 68. Rc4 h3 69. Rxg4 1/2-1/2

[Event "SG Niederkassel 1 - SK Königsspringer I"]
[Site "NRW-Klasse, Gruppe 1 2013/201"]
[Date "2013.11.17"]
[Round "3.2"]
[White "Riedel, Holger"]
[Black "Schmuecker, Marcus"]
[Result "1-0"]
[WhiteElo "2192"]
[BlackElo "2188"]
[PlyCount "101"]
[EventDate "2013.??.??"]
[WhiteTeam "SG Niederkassel 1"]
[BlackTeam "SK Königsspringer Iserlohn 1"]

1. Nf3 Nf6 2. g3 d5 3. d4 c6 4. Bg2 Bg4 5. O-O e6 6. Nbd2 Nbd7 7. c4 Be7 8. b3
O-O 9. Bb2 a5 10. a3 b5 11. Ne5 Nxe5 12. dxe5 Nd7 13. cxb5 cxb5 14. h3 Bh5 15.
g4 Bg6 16. e4 Nc5 17. exd5 exd5 18. Qf3 Rc8 19. Rfc1 Bg5 20. Bd4 Ne6 21. Be3
Rxc1+ 22. Rxc1 d4 23. Bxg5 Qxg5 24. Qe2 Nf4 25. Qd1 Qxe5 26. Nf3 Qd6 27. Bf1 d3
28. Qd2 Be4 29. Qe3 f5 30. Nd4 Qh6 31. gxf5 Qg5+ 32. Kh2 Bxf5 33. Rc5 g6 34.
Rxb5 Qh4 35. Nxf5 Rxf5 36. Rxf5 gxf5 37. b4 axb4 38. axb4 Ng6 39. b5 Qb4 40.
Qxd3 Qf4+ 41. Qg3 Qd4 42. Kg1 Qb6 43. Qe3 Qxe3 44. fxe3 Ne5 45. Kf2 Kg7 46. b6
Nd7 47. b7 Kf6 48. Bb5 Nb8 49. Kf3 Ke5 50. h4 h6 51. h5 1-0

[Event "SG Niederkassel 1 - SK Königsspringer I"]
[Site "NRW-Klasse, Gruppe 1 2013/201"]
[Date "2013.11.17"]
[Round "3.3"]
[White "Eckardt, Joshua"]
[Black "Mende, Andreas"]
[Result "0-1"]
[WhiteElo "2047"]
[BlackElo "2132"]
[Annotator "Doe,John"]
[PlyCount "74"]
[EventDate "2013.??.??"]
[WhiteTeam "SK Königsspringer Iserlohn 1"]
[BlackTeam "SG Niederkassel 1"]

1. d4 Nf6 2. c4 g6 3. Nc3 d5 4. Nf3 Bg7 5. Qb3 dxc4 6. Qxc4 O-O 7. e4 Nc6 8.
Be2 Bg4 9. d5 Bxf3 10. dxc6 Bxe2 11. Kxe2 bxc6 12. Rd1 Qc8 13. Qxc6 Rb8 14. h3
Rb6 15. Qc4 Qb7 16. a3 Rc6 17. Qa4 Rxc3 18. bxc3 Nxe4 19. Bd2 Nxd2 20. Kxd2
Qxg2 21. Qxa7 $11 Qe4 22. Qe3 Qc4 23. a4 Rd8+ 24. Kc2 Rxd1 25. Rxd1 Qxa4+ 26.
Kd2 Qh4 27. Ke1 e6 28. Qa7 Bxc3+ 29. Ke2 Qh5+ 30. f3 Qe5+ 31. Kf2 Qh2+ 32. Ke3
Qe5+ 33. Kf2 c5 34. Rd8+ Kg7 35. Rd7 Qe1+ 36. Kg2 Qe2+ 37. Kg3 Be1+ 0-1

[Event "SG Niederkassel 1 - SK Königsspringer I"]
[Site "NRW-Klasse, Gruppe 1 2013/201"]
[Date "2013.11.17"]
[Round "3.4"]
[White "Rybarczyk, Klaus"]
[Black "Franke, Thomas"]
[Result "1-0"]
[WhiteElo "2129"]
[BlackElo "2055"]
[Annotator "Doe,John"]
[PlyCount "121"]
[EventDate "2013.??.??"]
[WhiteTeam "SG Niederkassel 1"]
[BlackTeam "SK Königsspringer Iserlohn 1"]

1. Nf3 Nf6 2. d4 c5 3. c4 cxd4 4. Nxd4 b6 5. Nc3 Bb7 6. Bg5 e6 7. e4 d6 8. f4
Nbd7 9. Qe2 Qb8 10. O-O-O Be7 11. g4 O-O $11 12. Bg2 Rc8 13. Kb1 Bf8 14. f5 e5
15. Bxf6 Nxf6 16. Nc2 Qc7 17. Ne3 Qc5 18. g5 Nh5 19. Qxh5 Qxe3 20. Rhe1 Qf4 21.
Rf1 g6 22. fxg6 hxg6 23. Qe2 Qxg5 24. h4 Qxh4 25. Rh1 Qe7 26. Bh3 Rd8 27. Rdg1
Bg7 28. Qh2 a6 29. Bg4 b5 30. Qh7+ Kf8 31. Nd5 Bxd5 32. cxd5 Ra7 33. Rf1 Qg5
34. Be6 Rc7 35. Bxf7 Rxf7 36. Rxf7+ Kxf7 37. Rf1+ Qf6 38. Rxf6+ Kxf6 39. Qh4+
g5 40. Qf2+ Kg6 41. Qf5+ Kh6 42. Qh3+ Kg6 43. Qf5+ Kh6 44. Qe6+ Kh5 45. Qf7+
Kh6 46. Qe7 Rf8 47. Qxd6+ Rf6 48. Qd7 Bf8 49. a3 b4 50. Qd8 Rf1+ 51. Kc2 bxa3
52. bxa3 Bxa3 53. Qh8+ Kg6 54. Qe8+ Rf7 55. Qxe5 Be7 56. Qe6+ Kg7 57. e5 a5 58.
d6 Bd8 59. Qc8 Rf8 60. Qd7+ Kg6 61. e6 1-0

[Event "SG Niederkassel 1 - SK Königsspringer I"]
[Site "NRW-Klasse, Gruppe 1 2013/201"]
[Date "2013.11.17"]
[Round "3.5"]
[White "Messarius, Juergen"]
[Black "Broehl, Stephan"]
[Result "1/2-1/2"]
[WhiteElo "2166"]
[BlackElo "2120"]
[PlyCount "89"]
[EventDate "2013.??.??"]
[WhiteTeam "SK Königsspringer Iserlohn 1"]
[BlackTeam "SG Niederkassel 1"]

1. e4 c6 2. d4 d5 3. e5 Bf5 4. Nc3 e6 5. g4 Bg6 6. Nge2 f6 7. h4 fxe5 8. h5 Bf7
9. dxe5 Nd7 10. f4 Bc5 11. Nd4 Qc7 12. Nf3 Ne7 13. Ng5 Bg8 14. h6 gxh6 15. Rxh6
Ng6 16. Bd3 Ndf8 17. Qe2 Qg7 18. Qh2 O-O-O 19. Bd2 Be7 20. Nf3 Bb4 21. O-O-O
Ne7 22. Rg1 c5 23. f5 Nc6 24. fxe6 Bxc3 25. bxc3 Bxe6 26. Bg5 Qf7 27. Bf6 Rg8
28. Ng5 Rxg5 29. Bxg5 Re8 30. Rf1 Qc7 31. Rxf8 Rxf8 32. Rxe6 Qa5 33. Bf5 Qxc3
34. Qe2 Nd4 35. Rf6+ Kc7 36. Qe3 Qa1+ 37. Kd2 Re8 38. Qa3 Kb8 39. Bd7 Rxe5 40.
Qg3 Ne2 41. Qxe5+ Qxe5 42. Rf5 Qh2 43. Ke1 Kc7 44. Rf7 Kd6 45. Bc8 1/2-1/2

[Event "SG Niederkassel 1 - SK Königsspringer I"]
[Site "NRW-Klasse, Gruppe 1 2013/201"]
[Date "2013.11.17"]
[Round "3.6"]
[White "Bussard, Christian"]
[Black "Klauke, Stefan"]
[Result "0-1"]
[WhiteElo "2095"]
[BlackElo "2059"]
[PlyCount "102"]
[EventDate "2013.??.??"]
[WhiteTeam "SG Niederkassel 1"]
[BlackTeam "SK Königsspringer Iserlohn 1"]

1. e4 e5 2. Nf3 Nc6 3. Bc4 Nf6 4. Ng5 Bc5 5. Nxf7 Bxf2+ 6. Kf1 Qe7 7. Nxh8 d5
8. exd5 Bg4 9. Be2 Bxe2+ 10. Qxe2 Nd4 11. Qxf2 O-O-O 12. b3 Rxh8 13. c3 Ng4 14.
Ba3 Qd7 15. cxd4 Nxf2 16. Kxf2 Qg4 17. Nc3 Qf4+ 18. Ke1 exd4 19. Ne2 Re8 20.
Kd1 Qg4 21. Re1 d3 22. Kc1 dxe2 23. Bc5 Qxg2 24. Be3 Qxh2 25. Kc2 h6 26. Rac1
g5 27. Kb1 Kd7 28. Rc3 Rf8 29. Bg1 Rf1 30. Bxh2 Rxe1+ 31. Kc2 Rh1 32. Bg3 Rg1
33. Bf2 e1=Q 34. Bxe1 Rxe1 35. Rh3 Re5 36. Rxh6 Rxd5 37. Rh7+ Kd6 38. Rg7 b6
39. d4 a5 40. Kc3 Rf5 41. a4 c6 42. Rg8 Kd5 43. Re8 Rf3+ 44. Kc2 Kxd4 45. Rd8+
Kc5 46. Rg8 Kb4 47. Rxg5 Rf2+ 48. Kd3 Kxb3 49. Rg6 Rc2 50. Rh6 Rc3+ 51. Kd2 Rc5
0-1

[Event "SG Niederkassel 1 - SK Königsspringer I"]
[Site "NRW-Klasse, Gruppe 1 2013/201"]
[Date "2013.11.17"]
[Round "3.7"]
[White "Kramps, Rene"]
[Black "Dierkes, Tobias"]
[Result "0-1"]
[WhiteElo "2068"]
[BlackElo "2071"]
[Annotator "Doe,John"]
[PlyCount "62"]
[EventDate "2013.??.??"]
[WhiteTeam "SK Königsspringer Iserlohn 1"]
[BlackTeam "SG Niederkassel 1"]

1. e4 c5 2. Nf3 e6 3. d3 Nc6 4. g3 g6 5. Bg2 Bg7 6. O-O Nge7 7. Nc3 O-O 8. Bg5
h6 9. Be3 Nd4 10. Qd2 Kh7 11. Ne2 Nxe2+ 12. Qxe2 d6 13. d4 Qc7 14. c3 $11 Rb8
15. e5 dxe5 16. Nxe5 Nd5 17. Bxd5 exd5 18. Nd3 Qe7 19. Nxc5 Bh3 20. Rfe1 Rbe8
21. Qf3 b6 22. Nb3 Qd7 23. Nd2 Bg4 24. Qg2 Re7 25. f3 Bh3 26. Qf2 Rfe8 27. Nf1
Qb5 28. Bf4 Re2 29. Rxe2 Rxe2 30. c4 Qxc4 31. Ne3 Qa6 0-1

[Event "SG Niederkassel 1 - SK Königsspringer I"]
[Site "NRW-Klasse, Gruppe 1 2013/201"]
[Date "2013.11.17"]
[Round "3.8"]
[White "Guelsen, Taylan"]
[Black "Schwanbeck, Christoph"]
[Result "0-1"]
[WhiteElo "2029"]
[BlackElo "2015"]
[PlyCount "88"]
[EventDate "2013.??.??"]
[WhiteTeam "SG Niederkassel 1"]
[BlackTeam "SK Königsspringer Iserlohn 1"]

1. Nf3 Nf6 2. c4 d6 3. g3 e5 4. d3 Be7 5. Bg2 c6 6. O-O O-O 7. b4 Nbd7 8. a4 d5
9. b5 dxc4 10. dxc4 Qc7 11. Bb2 Re8 12. Nbd2 h6 13. Qc2 Bf8 14. Ne1 Nc5 15. Nb3
Bg4 16. Nxc5 Bxc5 17. Nd3 Bd4 18. e3 Bxb2 19. Qxb2 e4 20. Nf4 Rad8 21. a5 Qe5
22. Rfb1 Qf5 23. bxc6 bxc6 24. h3 Bf3 25. Bf1 h5 26. h4 g5 27. hxg5 Qxg5 28.
Ng2 Bxg2 29. Bxg2 h4 30. gxh4 Qxh4 31. Rd1 Ng4 32. Qe2 Rd3 33. Rxd3 exd3 34.
Qf3 Re6 35. Rd1 Rg6 36. Qf4 Qd8 37. Be4 Rg5 38. Rxd3 Ne5+ 39. Kh2 Nxd3 40. Bxd3
Rh5+ 41. Kg2 Qxd3 42. Qb8+ Kh7 43. Qxa7 Qe4+ 44. f3 Qc2+ 0-1

[Event "Oberhausener SV 1 - SF Lieme 1"]
[Site "NRW-Klasse, Gruppe 1 2013/201"]
[Date "2013.12.08"]
[Round "4.1"]
[White "Schmitz, Philipp"]
[Black "Hort, Vlastimil"]
[Result "1/2-1/2"]
[WhiteElo "2194"]
[BlackElo "2388"]
[PlyCount "74"]
[EventDate "2013.??.??"]
[WhiteTeam "SF Lieme 1"]
[BlackTeam "Oberhausener SV 1"]

1. e4 c5 2. Nf3 e6 3. d4 cxd4 4. Nxd4 a6 5. c4 Nf6 6. Nc3 Bb4 7. Bd3 Qc7 8. O-O
Bc5 9. Be3 d6 10. Rc1 O-O 11. a3 Nbd7 12. b4 Ba7 13. Be2 Ne5 14. f4 Ng6 15. Nc2
b5 16. Bxa7 Qxa7+ 17. Qd4 bxc4 18. Bxc4 Bb7 19. Qxa7 Rxa7 20. Bd3 e5 21. fxe5
Nxe5 22. Rfd1 Rc8 23. Ne3 Nxd3 24. Rxd3 Bxe4 25. Rxd6 Rac7 26. Rdd1 h5 27. Ne2
Ng4 28. Nxg4 hxg4 29. Rxc7 Rxc7 30. Rd6 Rc2 31. Kf2 f5 32. Ke3 Bxg2 33. Rxa6
Rb2 34. Ra5 g6 35. Nf4 Be4 36. Nxg6 Kg7 37. Ne5 Bb1 1/2-1/2

[Event "Oberhausener SV 1 - SF Lieme 1"]
[Site "NRW-Klasse, Gruppe 1 2013/201"]
[Date "2013.12.08"]
[Round "4.2"]
[White "Becker, Marcel"]
[Black "Wittke, Rene"]
[Result "0-1"]
[WhiteElo "2345"]
[BlackElo "2178"]
[PlyCount "58"]
[EventDate "2013.??.??"]
[WhiteTeam "Oberhausener SV 1"]
[BlackTeam "SF Lieme 1"]

1. d4 Nf6 2. c4 Nc6 3. Nf3 e6 4. Nc3 Bb4 5. e3 O-O 6. Bd3 d6 7. a3 Bxc3+ 8.
bxc3 e5 9. Nd2 Re8 10. O-O e4 11. Bc2 Bg4 12. Qe1 Na5 13. h3 Bh5 14. a4 c5 15.
Ba3 b6 16. Qb1 Qe7 17. Qa2 Qe6 18. Rae1 Rac8 19. d5 Qe5 20. Bb2 Rc7 21. Qb1
Rce7 22. Kh1 Qg5 23. Bc1 Qh4 24. Kh2 Bg4 25. Bd1 Bd7 26. Qc2 Nh5 27. Be2 Re5
28. Qd1 Rg5 29. Rg1 Ng3 0-1

[Event "Oberhausener SV 1 - SF Lieme 1"]
[Site "NRW-Klasse, Gruppe 1 2013/201"]
[Date "2013.12.08"]
[Round "4.3"]
[White "Essing, Arnold"]
[Black "Kaufeld, Juergen"]
[Result "0-1"]
[WhiteElo "2160"]
[BlackElo "2315"]
[PlyCount "48"]
[EventDate "2013.??.??"]
[WhiteTeam "SF Lieme 1"]
[BlackTeam "Oberhausener SV 1"]

1. d4 Nf6 2. Bg5 d5 3. Bxf6 exf6 4. e3 Bd6 5. g3 c6 6. Bg2 Nd7 7. Ne2 f5 8. Nd2
Nf6 9. O-O O-O 10. c4 dxc4 11. Nxc4 Bc7 12. Nc3 Be6 13. Qe2 Qe7 14. a3 Rac8 15.
Rfe1 Rfe8 16. Rad1 g6 17. b4 h5 18. h4 Ne4 19. Rc1 Nxg3 20. fxg3 Bxc4 21. Qxc4
Bxg3 22. Re2 Qxh4 23. Qd3 Re7 24. e4 Bh2+ 0-1

[Event "Oberhausener SV 1 - SF Lieme 1"]
[Site "NRW-Klasse, Gruppe 1 2013/201"]
[Date "2013.12.08"]
[Round "4.4"]
[White "Litwak, Aleksej"]
[Black "Himpenmacher, Andy"]
[Result "1-0"]
[WhiteElo "2230"]
[BlackElo "2050"]
[Annotator "Doe,John"]
[PlyCount "149"]
[EventDate "2013.??.??"]
[WhiteTeam "Oberhausener SV 1"]
[BlackTeam "SF Lieme 1"]

1. e4 c5 2. Nf3 g6 3. d4 cxd4 4. Qxd4 Nf6 5. e5 Nc6 6. Qa4 Nd5 7. Qe4 Ndb4 8.
Bb5 a6 9. Bxc6 Nxc6 10. Nc3 d6 11. Bf4 Bf5 12. Qc4 dxe5 13. Nxe5 Nxe5 14. Bxe5
f6 15. Nd5 Kf7 16. Nc7+ Kg7 17. Nxa8 Qxa8 18. Bc3 b5 19. Qc5 Qe4+ 20. Qe3 Qxe3+
21. fxe3 Bxc2 22. Rc1 Be4 23. Kf2 Bd5 24. Rhd1 Bxa2 25. Ra1 Bc4 26. Bb4 e5 27.
Rd7+ Kh6 28. Rd8 Bg7 29. Rxh8 Bxh8 30. Bf8+ Bg7 31. Bxg7+ Kxg7 32. Rxa6 h5 33.
Ra7+ Kh6 34. h4 g5 35. g3 gxh4 36. gxh4 Kg6 37. e4 Bd3 38. Ke3 Bc4 39. Rc7 Bb3
40. Kd2 Be6 41. Rc5 Bc4 42. Rc6 Bf1 43. Rc1 Bc4 44. Ra1 Be6 45. Ra6 Bc4 46. Ra3
Be6 47. Ra6 Bc4 48. Rb6 Kf7 49. Kc3 Kg6 50. Rd6 Kf7 51. Rc6 Bf1 52. Rb6 Bc4 53.
b3 Bf1 54. Rc6 Bg2 55. Kd3 f5 56. Rc7+ Kf6 57. exf5 Kxf5 $11 58. Rg7 Bf3 59.
Ke3 Bd1 60. b4 Ke6 61. Rb7 Ba4 62. Kd2 Kf5 63. Rg7 Bb3 64. Rg5+ Kf4 65. Rxh5
Bc4 66. Rh8 e4 67. Rf8+ Kg4 68. Ke3 Kxh4 69. Kxe4 Kg5 70. Kd4 Kg6 71. Kc5 Kg7
72. Rb8 Kf6 73. Rxb5 Be2 74. Rb7 Ke6 75. b5 1-0

[Event "Oberhausener SV 1 - SF Lieme 1"]
[Site "NRW-Klasse, Gruppe 1 2013/201"]
[Date "2013.12.08"]
[Round "4.5"]
[White "Schaffarczyk, Andre"]
[Black "Ciornei, Dragos"]
[Result "1-0"]
[WhiteElo "2042"]
[BlackElo "2112"]
[PlyCount "69"]
[EventDate "2013.??.??"]
[WhiteTeam "SF Lieme 1"]
[BlackTeam "Oberhausener SV 1"]

1. e4 e5 2. Nf3 Nc6 3. d4 exd4 4. Nxd4 Bc5 5. Be3 Qf6 6. c3 Nge7 7. Bc4 b6 8.
O-O Bb7 9. Nb5 O-O-O 10. Bxc5 bxc5 11. Bd5 g5 12. Nd2 h5 13. Qb3 a6 14. Na7+
Kb8 15. Nxc6+ Nxc6 16. Nc4 Ka7 17. Qa3 Qe7 18. b4 cxb4 19. cxb4 Rb8 20. Qe3+
Ka8 21. a3 Ne5 22. Bxb7+ Rxb7 23. Qd4 d6 24. Na5 Rb6 25. Rac1 Kb8 26. Nc6+ Rxc6
27. Rxc6 Nxc6 28. Qxh8+ Kb7 29. Qxh5 Qxe4 30. Qxg5 Nd4 31. Qe3 Ne2+ 32. Kh1 Qc4
33. Re1 Nd4 34. Rc1 Qd5 35. Rd1 1-0

[Event "Oberhausener SV 1 - SF Lieme 1"]
[Site "NRW-Klasse, Gruppe 1 2013/201"]
[Date "2013.12.08"]
[Round "4.6"]
[White "Nissen, Claus"]
[Black "Stukenbrok, Nils"]
[Result "1/2-1/2"]
[WhiteElo "2133"]
[BlackElo "1985"]
[PlyCount "78"]
[EventDate "2013.??.??"]
[WhiteTeam "Oberhausener SV 1"]
[BlackTeam "SF Lieme 1"]

1. e4 Nf6 2. e5 Nd5 3. d4 d6 4. Nf3 dxe5 5. Nxe5 c6 6. Nc3 Nd7 7. Bc4 Nxe5 8.
dxe5 Be6 9. Qf3 Nb4 10. Bd3 Nxd3+ 11. cxd3 Qd4 12. Bf4 g5 13. Bxg5 Qxe5+ 14.
Qe3 Qxe3+ 15. fxe3 Rg8 16. Bf4 Rxg2 17. O-O-O O-O-O 18. Kb1 Bg7 19. d4 b5 20.
Rhg1 Bf5+ 21. Ka1 Rxg1 22. Rxg1 Bg6 23. a4 bxa4 24. Nxa4 Rd5 25. Rc1 Ra5 26.
Rxc6+ Kd7 27. Rc7+ Ke6 28. b3 Bf6 29. Kb2 Kf5 30. Nc3 e6 31. Bd6 e5 32. e4+ Kg4
33. Rc5 exd4 34. Nd5 Rxc5 35. Nxf6+ Kg5 36. Bxc5 Kxf6 37. Bxd4+ Ke6 38. e5 Kd5
39. Kc3 a6 1/2-1/2

[Event "Oberhausener SV 1 - SF Lieme 1"]
[Site "NRW-Klasse, Gruppe 1 2013/201"]
[Date "2013.12.08"]
[Round "4.7"]
[White "Stork, Holger"]
[Black "Soehnchen, Andreas"]
[Result "1-0"]
[WhiteElo "2006"]
[BlackElo "2133"]
[Annotator "Doe,John"]
[PlyCount "123"]
[EventDate "2013.??.??"]
[WhiteTeam "SF Lieme 1"]
[BlackTeam "Oberhausener SV 1"]

1. e4 c5 2. Nc3 Nc6 3. g3 g6 4. Bg2 Bg7 5. d3 d6 6. Be3 Nd4 7. Qd2 Qa5 8. f4
Nh6 9. h3 f5 10. Nf3 O-O 11. O-O Bd7 12. Kh2 Rac8 13. Rae1 e6 14. Bf2 Rfe8 15.
Ng5 Nf7 16. Nxf7 Kxf7 17. Qd1 Kg8 18. exf5 gxf5 19. Be3 Qb6 20. Bc1 Kh8 21. Nb1
Qc7 22. c3 Nc6 23. Na3 a6 24. Be3 b5 25. Nc2 Ne7 26. d4 c4 27. Bc1 d5 28. a3
$11 Ng8 29. Re3 Re7 30. Ne1 Be8 31. Qe2 Qd7 32. g4 fxg4 33. hxg4 Bg6 34. g5 Rc6
35. Qg4 Bf5 36. Qh4 Qe8 37. Bf3 Bg6 38. Bg4 Rf7 39. f5 Qb8+ 40. Kg1 exf5 41.
Bf3 Ne7 42. Ng2 f4 43. Ree1 Nf5 44. Qh2 Qd8 45. Bxf4 Rc8 46. Re6 Kg8 47. Rfe1
Rf8 48. Bg4 a5 49. Bxf5 Rxf5 50. Nh4 Rxg5+ 51. Bxg5 Qxg5+ 52. Ng2 Be4 53. Rb6
b4 54. axb4 axb4 55. Rxb4 Qd2 56. Qg3 Kh8 57. Rb8 Rg8 58. Rxg8+ Kxg8 59. Ra1 h6
60. Ra7 Qg5 61. Qxg5 hxg5 62. Ne3 1-0

[Event "Oberhausener SV 1 - SF Lieme 1"]
[Site "NRW-Klasse, Gruppe 1 2013/201"]
[Date "2013.12.08"]
[Round "4.8"]
[White "Voge, Andreas"]
[Black "Schulte, Oliver"]
[Result "1-0"]
[WhiteElo "2078"]
[BlackElo "1991"]
[PlyCount "77"]
[EventDate "2013.??.??"]
[WhiteTeam "Oberhausener SV 1"]
[BlackTeam "SF Lieme 1"]

1. f4 d5 2. Nf3 Nf6 3. b3 Bg4 4. e3 Nbd7 5. Bb2 e6 6. Be2 Bxf3 7. Bxf3 c6 8.
O-O Qb6 9. Qe1 Bd6 10. Nc3 h6 11. g3 O-O-O 12. Na4 Qc7 13. c4 dxc4 14. bxc4 Qa5
15. Qd1 g5 16. c5 Be7 17. Rb1 gxf4 18. Qb3 Qc7 19. gxf4 Rhg8+ 20. Kh1 Nd5 21.
Rfc1 f5 22. Rc4 Bf6 23. d4 Nb8 24. Bc3 Qg7 25. Ba5 Rd7 26. Rc2 Qh7 27. Nb2 h5
28. Nc4 Qe7 29. Nd6+ Rxd6 30. cxd6 Qd7 31. Bc7 b6 32. Qa3 Kb7 33. Bxd5 exd5 34.
Bxb6 axb6 35. Rxb6+ Kc8 36. Rxb8+ Kxb8 37. Rb2+ Qb7 38. Rxb7+ Kxb7 39. Qb4+ 1-0

[Event "SF Katernberg 2 - SG Niederkassel 1"]
[Site "NRW-Klasse, Gruppe 1 2013/201"]
[Date "2013.12.08"]
[Round "4.1"]
[White "Stanetzek, Carsten"]
[Black "Hoolt, Sarah"]
[Result "0-1"]
[WhiteElo "2232"]
[BlackElo "2294"]
[PlyCount "44"]
[EventDate "2013.??.??"]
[WhiteTeam "SG Niederkassel 1"]
[BlackTeam "SF Katernberg 2"]

1. e4 c5 2. c4 Nc6 3. Nc3 g6 4. g3 Bg7 5. Bg2 d6 6. Nge2 h5 7. h3 Bd7 8. d3 a6
9. a3 Rb8 10. Rb1 b5 11. cxb5 axb5 12. b4 Nd4 13. O-O Qc8 14. Kh2 Nf6 15. Bg5
h4 16. gxh4 Nh7 17. Bf4 g5 18. Be3 g4 19. hxg4 Bxg4 20. f3 Be5+ 21. Bf4 Ng5 22.
fxg4 Qxg4 0-1